1716 1023 1764 1438 1077 1125 1623 1957 1445 1379 1071 1396 1523 1017 1060 1049 1493 1991 1879 1122 1092 1382 1442 1891 1227 1725 1284 1884 1022 1836 1386 1859 1959 1135 1277 1793 1506 1084 1514 1835 1246 1040 1680 1337 1825 1785 1058 1089 1493 1854 1483 1139 1823 1937 1200 1077 1330 1977 1041 1712 1486 1076 1141 1561 1391 1404 1062 1865 1769 1221 1573 1416 1416 1913 1706 1324 1122 1736 1567 1898 1712 1834 1846 1659 1499 1584 1178 1975 1392 1052 1513 1288 1777 1899 1321 1302 1097 1807 1834 BCNSPRNW ULIB Ver.6.0+V

เปลี่ยนเป็นภาษาไทย

Change to English
 แสดงรายละเอียดบรรณานุกรม
  กลับหน้าหลัก

Brief Record : Get Marc (ISO 2709) : E-mail record : QR code < ปิดหน้าต่าง
LEADER : 00000nam 2200000uu 4500
001    13399113557
003     ULIB
008    111128s2550||||th 000 0 tha d
020    ^a9789747503364
090    ^aนว.^bม979ภ 2550
100 0  ^aMimoza
245 00 ^aภารกิจรักพิทักษ์หัวใจนายยอมบู๊
250    ^aพิมพ์ครั้งที่ 1
260    ^aกรุงเทพฯ :^bแจ่มใส,^c2550
300    ^a262 หน้า
710 1  ^aแจ่มใส
945    ^p189^l0^i14453
995    ^aกัณชพร
999    ^aใช้งานได้ทุกระบบ
รายการนี้ยังไม่มีแท็ก
คุณยังไม่ได้ล็อกอิน คุณสามารถมีกิจกรรมร่วมกับเว็บไซต์ได้ แต่ต้องล็อกอินก่อน ::
  ล็อกอิน

รายการสื่อสารสนเทศ

ลำดับที่ ประเภท เลขเรียก/บาร์โค้ด สถานที่ สถานะ
1. นวนิยาย
นวนิยาย
นว. ม979ภ 2550  
  Barcode: 14453
ห้องสมุดวิทยาเขตสวรรค์ประชารักษ์
►นวนิยาย
บนชั้น
  ขอยืม

BibComment


ยังไม่เคยถูกคอมเมนท์

คอมเมนท์ทรัพยากรรายการนี้
  คอมเมนท์: ภารกิจรักพิทักษ์..


 Copyright 2026. Bcnsprnw @Library